Word Ladder: Marvel Villains Quiz Stats

 Plays Quiz Updated Apr 23, 2017

Support Sporcle.
Go Orange.
Score 0/50 Timer 05:00
1 Play Today
Hint 4-Letter Word % Correct
Peter Parker's girlfriend ____ Jane WatsonMARY
87.8%
▼ Thor's vengeful brother ▼▼ LOKI ▼
85.3%
God, or British noblemanLORD
85%
Less than oneZERO
84.1%
It's located at the end of an armHAND
83.3%
At this locationHERE
83%
Female horseMARE
82.8%
A form of pig fatLARD
82.8%
Male head of a monarchyKING
82.3%
'Full House' actress ____ LoughlinLORI
81.3%
College living areaDORM
81.1%
Merlot or chardonnay, e.g.WINE
81%
Coarse beach coveringSAND
80.9%
Eminem song '____ Yourself'LOSE
80.8%
Thin conductor of electricityWIRE
80.7%
'The way we ____'WERE
80.7%
Opposite of a winLOSS
79.2%
▼ When Jean Grey goes bad: ____ Phoenix ▼▼ DARK ▼
78.7%
Made music with one's voiceSANG
78%
Brave defender, warrior found in Marvel comicsHERO
77.5%
A smaller amountLESS
77.4%
Employer or managerBOSS
76.8%
▼ Avengers villain: ____ Reaper ▼▼ GRIM ▼
76.7%
Silly, dull person or nerdDORK
76.6%
▼ Avengers villain: ____ the Conqueror ▼▼ KANG ▼
76.5%
Hint 4-Letter Word % Correct
Country singer ____ Williams, Jr.HANK
76.5%
A wide smileGRIN
76%
▼ Avengers Civil War bad guy: Baron ____▼ ZEMO ▼
75.9%
A note or communication often in an officeMEMO
75.8%
Type of cherry or Chandler from 'Friends'BING
75.7%
Internet catchphrase or idea that goes viralMEME
75.2%
▼ Fantastic Four nemesis: Dr. Victor von ____▼ DOOM ▼
74.3%
Musty, damp and coldDANK
73.5%
Golf ball standsTEES
71.8%
A twisting shoot from a plantBINE
70.7%
No more or better than what is specifiedMERE
70.4%
Sounds of disapprovalBOOS
68.7%
Brockovich or AndrewsERIN
68.1%
Loud, low noiseBOOM
68.1%
Lean, or to shorten by cuttingTRIM
66.1%
Sedimentation in wineLEES
65.3%
Hitchcock favored actor ____ GrantCARY
64.8%
French for 'very'TRÈS
64.1%
Divergent character ____ PriorTRIS
59.3%
'Shane' actor Alan ____LADD
55.2%
▼ Magneto's alias ____ Lehnsherr ▼▼ ERIK ▼
53.4%
▼ Wolverine/X-Men villain: ____ Deathstrike ▼▼ LADY ▼
53.1%
▼ Hulk-hating General Thunderbolt ____▼ ROSS ▼
51%
Moira MacTaggert portrayer ____ ByrneROSE
48.2%
Suffragette Elizabeth ____ StantonCADY
45.8%

Today's Daily Dose

You're not logged in!

Compare scores with friends on all Sporcle quizzes.
OR
Log In
Forgot?

From the Vault

States by Historical Photo

by chevand

The years may help you more than you think.
Remove Ads.
Support Sporcle.
Get the best of Sporcle when you Go Orange. This ad-free experience offers more features, more stats, and more fun while also helping to support Sporcle. Thank you for becoming a member.

Show Comments

Extras

Top Quizzes Today


Score Distribution

Your Account Isn't Verified!

In order to create a playlist on Sporcle, you need to verify the email address you used during registration. Go to your Sporcle Settings to finish the process.

Report this User

Report this user for behavior that violates our Community Guidelines.

Details: